000 00747nam a2200205Ia 4500
001 2585
003 GE_BSU
008 181216s||||||||xx |||||||||||||| ||und||
040 _cGE_BSU
080 _a94(479.22)+94(479.22)
100 _aშავხელიშვილი, ა.
245 _aსაქართველო–ჩეჩნეთ –ინგუშეთის ურთიერთობა XVI-XVII სს–ში
260 _aთბილისი
260 _bმეცნიერება
260 _c1980
300 _a102გვ.
541 _h10 ლ.
653 _aაქართველო–ჩეჩნეთ– ინგუშეთის ურთიერთობა XVI-XVII სს–ში
942 _cBK
999 _c36662
_d36662